| 000 | 00685nam a22002177a 4500 | ||
|---|---|---|---|
| 999 |
_c15230 _d15230 |
||
| 003 | AR-CdUCM | ||
| 008 | 190426b ||||| |||| 00| 0 spa d | ||
| 020 | _a978-968-16-5410-8 | ||
| 040 |
_aMUNICIPALIDAD PROVINCIAL DEL CUSCO _cBIBLIOTECA MUNICIPAL DEL CUSCO |
||
| 082 |
_aPI / 800 / _bG34 |
||
| 100 |
_aGedovius, Juan _933412 |
||
| 245 | _aTrucas / | ||
| 260 |
_aLondres : _bFondo de cultura económica, _c1997. |
||
| 300 |
_a18paginas ; _bIlustraciones, _c20 cm. |
||
| 650 |
_aLiteratura _9416 |
||
| 650 |
_aAprende viendo _934269 |
||
| 650 |
_aUtiliza la imaginación _934270 |
||
| 650 |
_aTexto para niños (as) _934114 |
||
| 942 |
_2ddc _cLIBROS |
||
| 945 |
_awnts _d2019-04-26 |
||